000
00341nam a2200145Ia 4500
008
150201s2013 xx 000 0 und d
082
_a
610.73
_b
K13B
100
_a
BLERMAN, AUDREY
245
_a
KOZIER & ERB'S FUNDAMENTALS OF NURSING
250
_a
1ST
260
_b
PEARSON
_c
2013
300
_a
1620
650
_a
NURSING
942
_2
ddc
_c
BK
999
_c
2200
_d
2200